LEADER 01374nam a2200253 i 4500 001 000000136083 003 CaOOAMICUS 005 20221007082900.0 008 171206s1800 fr u000 u fre u 013 $a109557 026 $as.f- u-ns I.e- sodr (3) 1800 (A) 040 $aSeMil$bita 100 1 $aProyart, Lievin Bonaventure,$d<1743-1808>.$0(OLS)http://semarc/name/40723 245 10$aLouis 16. détroné avant d'être roi ou tableau des causes necessitantes de la révolution françoise et de l'ébranlement de tous les trones; faisant partie intégrante d'une vie de Louis 16. qui suivra. Par M. l'abbé Proyart. 260 $aA Mannheim :$bChez Fontaine,$c1800. 300 $a[2], 531, [1] p. ;$c8°. 600 04$aLuigi XVI : di Borbone .$0(OLS)http://semarc/subject/12099 850 $aSeMil 852 $aSeMil$W1$xVenegono$y1$m3T II 19 FA$j89707$B89707$CSeMilBibl$Z2$F220338 $8I 941 1 $a10 961 $aRecupero: Mantegazza 996 $6245$aLouis 16. détroné avant d'être roi ou tableau des causes necessitantes de la révolution françoise et de l'ébranlement de tous les trones; faisant partie intégrante d'une vie de Louis 16. qui suivra. Par M. l'abbé Proyart$9(OLS)http://semarc/title/408474 996 $6260$aA Mannheim :$bChez Fontaine$9(OLS)http://semarc/publisher/57266 LEADER 01266nam a2200229 4500 001 000000338232 003 CaOOAMICUS 005 20191128144128.0 008 191128s1864 it 000 u ita r 040 $aSeMil$bita 100 11$aChaignon, Pierre.$0(OLS)http://semarc/name/89283 240 10$aNoveau cours de méditations sacerdotales, ou le prêtre sanctifié par la pratique de l'oraison.$0(OLS)http://semarc/title/427069 245 00$aNuovo corso di meditazioni pei sacerdoti, ossia Il prete santificato dalla pratica dell'orazione /$cpel r. p. Chaignon ; prima versione italiana sulla 4. ed. francese del prof. Egisto Ceccucci [poi] di Edoardo Pesci. 264 1$aBologna :$bLibreria dell'Immacolata,$c1864- 300 $a4 v. ;$c18 cm 650 4$aTeologia spirituale.$0(OLS)http://semarc/subject/719 700 1 $aCeccucci, Egisto.$0(OLS)http://semarc/name/48145 700 1 $aPesci, Edoardo.$0(OLS)http://semarc/name/110572 774 0 $tVol. 2.$dBologna : Libreria dell'Immacolata, 1864.$w()338233 996 $6245$aNuovo corso di meditazioni pei sacerdoti, ossia Il prete santificato dalla pratica dell'orazione$9(OLS)http://semarc/title/427068 996 $6264$aBologna :$bLibreria dell'Immacolata$9(OLS)http://semarc/publisher/58709